| 000 | 01073nam a22002417a 4500 | ||
|---|---|---|---|
| 999 |
_c6939 _d6939 |
||
| 003 | AR-CdUCM | ||
| 008 | 190319b ||||| |||| 00| 0 spa d | ||
| 040 |
_aMUNICIPALIDAD PROVINCIAL DEL CUSCO _cBIBLIOTECA MUNICIPAL DEL CUSCO |
||
| 082 |
_a869.5018 / _bP3 |
||
| 245 |
_aPoesía peruana, antología general : _bde la conquista al modernismo / |
||
| 260 |
_aLima : _bEdiciones Edubanco, _c1984. |
||
| 300 |
_aXVI, 660 páginas ; _c20.5 cm. |
||
| 505 | _aContenido: Tomo II: Romances, coplas y cantares de la conquista -- Obras de : Enrique Garces -- Miguel Cabello de Balboa -- Diego Dávalos y Figuroa -- Francisca de Bribiesca y Arellano -- Mateo Rosas de Oquendo ... | ||
| 650 |
_aPoesía peruana _9806 |
||
| 650 |
_aÉpoca colonial _91374 |
||
| 650 |
_aÉpoca moderna _97501 |
||
| 650 |
_aPoetas - Historia _919553 |
||
| 650 |
_aAntología poética _93092 |
||
| 700 |
_aSilva-Santisteban, Ricardo (Compilador) _919554 |
||
| 710 |
_aFundación del Banco Continental para el Fomento de la Educación y la Cultura. _911333 |
||
| 942 |
_2ddc _cLIBROS |
||
| 945 | _alccs | ||